| 000 | 00415nam a2200157 4500 | ||
|---|---|---|---|
| 005 | 20260220144223.0 | ||
| 008 | 260220b |||||||| |||| 00| 0 eng d | ||
| 041 | _aEnglish | ||
| 082 |
_aX 891 RAJ _bB12227 |
||
| 100 |
_aRaje Sudhakar _9211974 |
||
| 245 | _aIndian Imprints On Ancient Europe | ||
| 260 |
_aPune _bBharatiya Vichar Sadhana _c2016 |
||
| 300 |
_a196p _bpb |
||
| 365 |
_aRupaye _b250 _cINR |
||
| 942 | _cBK | ||
| 999 |
_c370478 _d370478 |
||